| 000 | 00528nam a2200145Ia 4500 | ||
|---|---|---|---|
| 008 | 260210s9999 xx 000 0 und d | ||
| 024 | _a20B-012-CE, 20B-013-CE, 20B-024-CE & 20B-026-CE | ||
| 082 | _a621.072 SAN | ||
| 100 | _aZajjaj Bin Sana, Wajiha Shaukat, Mahnoor Tariq & Shehryar AKQ | ||
| 110 | _aDr. Ghazanfar ullah | ||
| 245 | 0 | _aSmart living centralized management system for housing schemes | |
| 260 |
_aKarachi: _bUITU, _c2020 |
||
| 600 | _aComputer System Engineering | ||
| 650 | _aBachelor of Engineering (BE) | ||
| 999 |
_c32803 _d32803 |
||